[Event "35 Andorra Open"]
[Site "Escaldes"]
[Date "2017.07.27"]
[Round "6.4"]
[White "Zanan, Evgeny"]
[Black "Steinberg, Nitzan"]
[Result "1/2-1/2"]
[WhiteElo "2428"]
[BlackElo "2543"]
[PlyCount "81"]
[EventDate "2017.07.22"]
[EventType "swiss"]
[EventRounds "9"]
[EventCountry "AND"]
[WhiteClock "0:11:16"]
[BlackClock "0:32:35"]

1. c4 e5 2. Nc3 Nc6 3. Nf3 f5 4. d4 e4 5. Ng5 Nf6 6. h4 Bb4 7. e3 Bxc3+ 8. bxc3
d6 9. Ba3 O-O 10. g3 b6 11. c5 Na5 12. Bb4 h6 13. Bxa5 bxa5 14. Qb3+ d5 15. Nh3
c6 16. Nf4 Rf7 17. Qa4 Bd7 18. Rb1 Rb8 19. Rb3 g5 20. hxg5 hxg5 21. Ng6 Be8 22.
Ne5 Rfb7 23. Be2 Qc7 24. Kd2 Nd7 25. Nxd7 Bxd7 26. Rh5 Qd8 27. Rh6 Kg7 28. Rd6
Qc7 29. Qa3 Be8 30. Kc2 Bg6 31. Qa4 Be8 32. Ba6 Rxb3 33. axb3 Rd8 34. Re6 Bd7
35. Rd6 Be8 36. Rxd8 Qxd8 37. c4 f4 38. cxd5 fxe3 39. fxe3 cxd5 40. Bb5 Qf6 41.
Bxe8 1/2-1/2

[Event "35 Andorra Open"]
[Site "Escaldes"]
[Date "2017.07.27"]
[Round "6.5"]
[White "Llaneza Vega, Marcos"]
[Black "Forcen Esteban, Daniel"]
[Result "0-1"]
[WhiteElo "2416"]
[BlackElo "2536"]
[PlyCount "88"]
[EventDate "2017.07.22"]
[EventType "swiss"]
[EventRounds "9"]
[EventCountry "AND"]
[WhiteClock "0:32:37"]
[BlackClock "0:45:34"]

1. e4 e6 2. d4 d5 3. e5 c5 4. c3 Nc6 5. Nf3 Nge7 6. a3 Nf5 7. b4 cxd4 8. cxd4
Bd7 9. Be3 b5 10. Nc3 a5 11. Nxb5 axb4 12. Bd3 bxa3 13. O-O Be7 14. Bc1 Nb4 15.
Bxa3 O-O 16. Nd6 Bxd6 17. exd6 Ba4 18. Qd2 Nxd3 19. Qxd3 Nxd6 20. Ng5 Qxg5 21.
Bxd6 Rfc8 22. Qg3 Qxg3 23. hxg3 Rc4 24. Bc5 h5 25. Rfc1 Rxc1+ 26. Rxc1 Bb5 27.
Rd1 Kh7 28. f3 Ra2 29. Bb4 Rb2 30. Ba5 g5 31. Rd2 Rb1+ 32. Kf2 Bc4 33. Rc2 Kg6
34. Bd2 f6 35. Ke3 Kf5 36. Bc1 e5 37. Bb2 Re1+ 38. Kf2 Rd1 39. dxe5 fxe5 40.
g4+ hxg4 41. Kg3 gxf3 42. gxf3 Rd3 43. Kg2 Bb3 44. Re2 d4 0-1

[Event "35 Andorra Open"]
[Site "Escaldes"]
[Date "2017.07.27"]
[Round "6.6"]
[White "Kogan, Arthur"]
[Black "Jerez Perez, Alfonso"]
[Result "0-1"]
[WhiteElo "2529"]
[BlackElo "2405"]
[PlyCount "133"]
[EventDate "2017.07.22"]
[EventType "swiss"]
[EventRounds "9"]
[EventCountry "AND"]
[WhiteClock "0:09:58"]
[BlackClock "0:03:52"]

1. e4 e6 2. d4 d5 3. Nd2 c5 4. exd5 exd5 5. Ngf3 Nc6 6. Bb5 Bd6 7. dxc5 Bxc5 8.
O-O Nge7 9. Nb3 Bd6 10. Bg5 O-O 11. Bh4 Bg4 12. Be2 Qb6 13. Nfd4 Bxe2 14. Nxe2
Rfe8 15. Nc3 Be5 16. Qf3 d4 17. Ne4 Ng6 18. Bg5 Rac8 19. h4 h6 20. h5 Nf8 21.
Bd2 Nb4 22. c3 dxc3 23. bxc3 Nd5 24. Rab1 Qd8 25. Rfe1 b6 26. Rbd1 Qc7 27. Nd4
Bxd4 28. cxd4 Qd7 29. Ng3 Rxe1+ 30. Rxe1 Ne7 31. Re4 Ne6 32. Bxh6 gxh6 33. Qf6
Nd5 34. Qxh6 Ng7 35. Qd2 Nf6 36. Rh4 Qc7 37. Kh2 Qc1 38. Qxc1 Rxc1 39. h6 Ne6
40. Nf5 Rc2 41. Ne7+ Kh7 42. d5 Rc7 43. d6 Rc2 44. Ra4 a5 45. Kg3 Nc5 46. Rd4
Rxa2 47. Nc6 a4 48. Ne5 Ncd7 49. Nxf7 Kg6 50. Nd8 Kxh6 51. f4 Nc5 52. f5 Rd2
53. Rxd2 Nfe4+ 54. Kf4 Nxd2 55. Nc6 Nc4 56. g4 Nxd6 57. g5+ Kg7 58. Nb4 Nc4 59.
g6 a3 60. Kg5 Nd7 61. Kf4 Nf6 62. Kf3 b5 63. Ke2 Nd5 64. Nc2 b4 65. Nd4 a2 66.
Nb3 Na5 67. f6+ 0-1

[Event "35 Andorra Open"]
[Site "Escaldes"]
[Date "2017.07.27"]
[Round "6.7"]
[White "Iniyan, P."]
[Black "Zoler, Dan"]
[Result "0-1"]
[WhiteElo "2380"]
[BlackElo "2499"]
[PlyCount "98"]
[EventDate "2017.07.22"]
[EventType "swiss"]
[EventRounds "9"]
[EventCountry "AND"]
[WhiteClock "0:58:58"]
[BlackClock "0:29:48"]

1. d4 d5 2. c4 c6 3. Nf3 Nf6 4. Nc3 dxc4 5. a4 Bf5 6. e3 e6 7. Bxc4 Bb4 8. O-O
O-O 9. Qe2 Bg6 10. Rd1 Nbd7 11. Bd2 Qa5 12. e4 Rfd8 13. Bg5 Bxc3 14. bxc3 Bxe4
15. Bd2 Nb6 16. Bd3 Qd5 17. Ne5 Bxd3 18. Nxd3 Qe4 19. Qf1 Nbd7 20. Rab1 b6 21.
Re1 Qd5 22. Ne5 Ne4 23. c4 Qxd4 24. Nxc6 Nxd2 25. Nxd4 Nxf1 26. Kxf1 Rdc8 27.
Rbc1 Nc5 28. Rc2 Nxa4 29. Ra1 Nc5 30. Rca2 a5 31. Rb1 Nd7 32. Ra4 Kf8 33. Rb5
Ke7 34. Nb3 Rc7 35. Ke2 Rac8 36. Kd3 Rc6 37. f4 g6 38. h3 h5 39. g3 Rd8 40. Ke2
Kf6 41. Nd4 Rd6 42. Nb3 Rc8 43. g4 hxg4 44. hxg4 Rh8 45. c5 Rh2+ 46. Ke1 Nxc5
47. Nxc5 bxc5 48. Rbxa5 Rb6 49. Ra1 Rbb2 0-1

[Event "35 Andorra Open"]
[Site "Escaldes"]
[Date "2017.07.27"]
[Round "6.8"]
[White "Soham, Das"]
[Black "Caspi, Israel"]
[Result "1/2-1/2"]
[WhiteElo "2020"]
[BlackElo "2487"]
[PlyCount "59"]
[EventDate "2017.07.22"]
[EventType "swiss"]
[EventRounds "9"]
[EventCountry "AND"]
[WhiteClock "0:01:18"]
[BlackClock "0:08:59"]

1. e4 d5 2. exd5 Qxd5 3. Nc3 Qd6 4. d4 Nf6 5. Nf3 a6 6. g3 Bg4 7. h3 Bh5 8. Bg2
Nc6 9. Be3 O-O-O 10. Qe2 e6 11. O-O Nd5 12. Nxd5 exd5 13. Rab1 f6 14. b4 Nxb4
15. Rb2 Nc6 16. Rfb1 Na5 17. Bd2 Re8 18. Qd3 Bg6 19. Qc3 Nc4 20. Rxb7 Qc6 21.
Bf4 Bd6 22. Nd2 Bxf4 23. Nxc4 Kd8 24. gxf4 Qxc4 25. Qxc4 dxc4 26. Bc6 Ref8 27.
Re1 Bf5 28. Rb8+ Bc8 29. Re3 g6 30. Kg2 1/2-1/2

[Event "35 Andorra Open"]
[Site "Escaldes"]
[Date "2017.07.27"]
[Round "6.9"]
[White "Akshat, Khamparia"]
[Black "Landa, Konstantin"]
[Result "1/2-1/2"]
[WhiteElo "2342"]
[BlackElo "2617"]
[PlyCount "75"]
[EventDate "2017.07.22"]
[EventType "swiss"]
[EventRounds "9"]
[EventCountry "AND"]

1. d4 d5 2. c4 e6 3. Nc3 Nf6 4. cxd5 exd5 5. Bg5 c6 6. e3 h6 7. Bh4 Be7 8. Bd3
Nbd7 9. Qc2 Nh5 10. Bxe7 Qxe7 11. Nge2 Nb6 12. O-O O-O 13. Rae1 Re8 14. Nd1 Bd7
15. f3 Rac8 16. g4 Nf6 17. Qc5 Be6 18. Qxe7 Rxe7 19. b3 Ne8 20. h3 Nd6 21. Kg2
a5 22. Ndc3 f6 23. Kf2 Bf7 24. h4 Kf8 25. Rg1 c5 26. dxc5 Rxc5 27. g5 fxg5 28.
hxg5 Nd7 29. g6 Bg8 30. Na4 Rc7 31. Nd4 Nf6 32. Rc1 Ke8 33. Nc3 Be6 34. Nce2
Kd8 35. Rxc7 Kxc7 36. Rc1+ Kb6 37. Nf4 Bd7 38. a4 1/2-1/2

[Event "35 Andorra Open"]
[Site "Escaldes"]
[Date "2017.07.27"]
[Round "6.10"]
[White "Ben Artzi, Ido"]
[Black "Gozzoli, Yannick"]
[Result "1-0"]
[WhiteElo "2380"]
[BlackElo "2594"]
[PlyCount "67"]
[EventDate "2017.07.22"]
[EventType "swiss"]
[EventRounds "9"]
[EventCountry "AND"]

1. d4 Nf6 2. c4 g6 3. Nc3 Bg7 4. e4 d6 5. f3 O-O 6. Be3 c5 7. dxc5 dxc5 8. Qxd8
Rxd8 9. Bxc5 Nc6 10. Nge2 b6 11. Ba3 Bb7 12. Rd1 Nd7 13. Nd5 Nde5 14. Nec3 e6
15. Ne3 Nd4 16. Kf2 f5 17. f4 Nf7 18. g3 fxe4 19. Bg2 Nf5 20. g4 N5d6 21. c5
bxc5 22. Bxc5 Rac8 23. Bxa7 g5 24. f5 Ne5 25. Bb6 Nd3+ 26. Rxd3 exd3 27. Bxd8
Bxg2 28. Kxg2 Rxd8 29. Rd1 Bxc3 30. bxc3 Ne4 31. fxe6 Kf8 32. Nf5 Ke8 33. e7
Rd7 34. Rb1 1-0

[Event "35 Andorra Open"]
[Site "Escaldes"]
[Date "2017.07.27"]
[Round "6.11"]
[White "Tahay, Alexis"]
[Black "Dvirnyy, Danyyil"]
[Result "1/2-1/2"]
[WhiteElo "2290"]
[BlackElo "2558"]
[PlyCount "112"]
[EventDate "2017.07.22"]
[EventType "swiss"]
[EventRounds "9"]
[EventCountry "AND"]

1. Nf3 g6 2. e4 Bg7 3. d4 d6 4. Be2 Nf6 5. Nc3 O-O 6. O-O c6 7. a4 Qc7 8. h3 e5
9. dxe5 dxe5 10. Be3 Nh5 11. Qb1 Nf4 12. Bc4 Qe7 13. Ne2 Be6 14. Nxf4 exf4 15.
Bxe6 fxe3 16. Bb3 Nd7 17. c3 Nc5 18. Bc2 Rfe8 19. fxe3 Nxe4 20. Bxe4 Qxe4 21.
Qxe4 Rxe4 22. Rad1 Bh6 23. Rd7 Rb8 24. Rxf7 Bxe3+ 25. Kh1 Kxf7 26. Ng5+ Kg7 27.
Nxe4 Re8 28. Nd6 Rd8 29. Nxb7 Rb8 30. Na5 Rxb2 31. Nxc6 h5 32. Nd4 h4 33. Nf3
g5 34. Re1 Bf2 35. Rf1 Kh6 36. Ne5 Bg3 37. Nc6 a6 38. a5 Rc2 39. Nb4 Rxc3 40.
Nxa6 Rc4 41. Rb1 Bd6 42. Nb8 Ra4 43. Nd7 g4 44. Nb6 Ra2 45. hxg4 Kg5 46. Nd5
Rxa5 47. Nc3 Kxg4 48. Ne4 Bf4 49. Nf2+ Kf5 50. Nh3 Be3 51. Rf1+ Kg4 52. Ng1 Ra2
53. Nh3 Rc2 54. Ng1 Bf2 55. Nh3 Be3 56. Ng1 Bf2 1/2-1/2

[Event "35 Andorra Open"]
[Site "Escaldes"]
[Date "2017.07.27"]
[Round "6.12"]
[White "Arjun, Kalyan"]
[Black "Del Rio De Angelis, Salvador G"]
[Result "0-1"]
[WhiteElo "2347"]
[BlackElo "2522"]
[PlyCount "62"]
[EventDate "2017.07.22"]
[EventType "swiss"]
[EventRounds "9"]
[EventCountry "AND"]

1. e4 e6 2. d4 c5 3. Nf3 cxd4 4. Nxd4 Bc5 5. Nb5 Qb6 6. Be3 Bxe3 7. fxe3 Nc6 8.
N1c3 Qxe3+ 9. Be2 Rb8 10. Qd6 Nge7 11. Nc7+ Kf8 12. Rd1 h5 13. Rf1 Rh6 14. Rd3
Qc1+ 15. Bd1 Qxb2 16. N7b5 a6 17. Na7 Qb4 18. Nxc8 Rxc8 19. Qxb4 Nxb4 20. Rxd7
b5 21. Kd2 Rg6 22. g3 Rg5 23. Rd6 Ke8 24. a3 Nbc6 25. Be2 Rc5 26. Nd1 Ng6 27.
Ne3 Nge5 28. Ke1 Ke7 29. Rd2 Rc3 30. Nd1 Rxa3 31. Bxh5 Rh8 0-1

[Event "35 Andorra Open"]
[Site "Escaldes"]
[Date "2017.07.27"]
[Round "6.13"]
[White "Valsecchi, Alessio"]
[Black "Sanchez, Louis"]
[Result "1-0"]
[WhiteElo "2506"]
[BlackElo "2229"]
[PlyCount "84"]
[EventDate "2017.07.22"]
[EventType "swiss"]
[EventRounds "9"]
[EventCountry "AND"]

1. Nf3 d5 2. c4 e6 3. g3 dxc4 4. Na3 Bxa3 5. bxa3 Ne7 6. Qa4+ Bd7 7. Qxc4 Bc6
8. Bg2 O-O 9. Bb2 Nd7 10. O-O Ng6 11. Qc2 Nb6 12. Rac1 Qd7 13. h4 f6 14. h5 Ne7
15. e4 Bb5 16. Rfe1 Nc6 17. d4 Nc4 18. Ba1 N6a5 19. e5 Bc6 20. exf6 gxf6 21.
Bc3 Rad8 22. Nh4 Bxg2 23. Nxg2 Nc6 24. Qe2 Nd6 25. Nf4 e5 26. dxe5 fxe5 27. Nd3
Nd4 28. Bxd4 exd4 29. Ne5 Qf5 30. Rxc7 Rde8 31. f4 Qh3 32. Qf3 Kh8 33. Qd3 Qxh5
34. Qxd4 Rf6 35. Kg2 a6 36. Nf3 Qg6 37. Rxe8+ Nxe8 38. Nh4 Qh5 39. Re7 Kg8 40.
Rxe8+ Qxe8 41. Qxf6 Qe2+ 42. Kh3 h5 1-0

[Event "35 Andorra Open"]
[Site "Escaldes"]
[Date "2017.07.27"]
[Round "6.14"]
[White "Kobo, Ori"]
[Black "Srijit, Paul"]
[Result "1/2-1/2"]
[WhiteElo "2494"]
[BlackElo "2247"]
[PlyCount "68"]
[EventDate "2017.07.22"]
[EventType "swiss"]
[EventRounds "9"]
[EventCountry "AND"]

1. e4 c5 2. Nf3 e6 3. d4 cxd4 4. Nxd4 Nc6 5. Nc3 a6 6. Be3 Nf6 7. Qf3 Bb4 8.
Nxc6 bxc6 9. Qg3 O-O 10. Bd3 d5 11. e5 Ne8 12. Bg5 Qc7 13. a3 Ba5 14. O-O f5
15. Na4 c5 16. c4 d4 17. Nxc5 Qxc5 18. b4 Bxb4 19. axb4 Qxb4 20. Rfb1 Qc5 21.
Bd2 Rf7 22. Ra5 Qc6 23. c5 Rb7 24. Rxb7 Bxb7 25. h4 Nc7 26. h5 Rd8 27. Kh2 Nd5
28. f3 Ne3 29. Qg5 Qc7 30. c6 Bxc6 31. Rxa6 Ra8 32. Rxa8+ Bxa8 33. Bxe3 h6 34.
Qg6 Qxe5+ 1/2-1/2

[Event "35 Andorra Open"]
[Site "Escaldes"]
[Date "2017.07.27"]
[Round "6.15"]
[White "Martinez Lopez, Ivan"]
[Black "Comas Fabrego, Lluis"]
[Result "0-1"]
[WhiteElo "2176"]
[BlackElo "2481"]
[PlyCount "122"]
[EventDate "2017.07.22"]
[EventType "swiss"]
[EventRounds "9"]
[EventCountry "AND"]

1. Nf3 g6 2. c4 Bg7 3. Nc3 Nf6 4. e4 d6 5. d4 O-O 6. Be2 Nbd7 7. O-O e5 8. Be3
Re8 9. d5 Nh5 10. g3 Bf6 11. Qd2 Ng7 12. Ne1 Be7 13. Nd3 f5 14. f3 Rf8 15. b4
Nf6 16. c5 h5 17. Rac1 h4 18. Bh6 hxg3 19. hxg3 Nfh5 20. g4 Ng3 21. Rf2 Nxe2+
22. Nxe2 fxe4 23. fxe4 Rxf2 24. Nxf2 Bh4 25. Rf1 Qe7 26. Qe3 Bd7 27. Ng3 a5 28.
a3 axb4 29. axb4 Ra4 30. c6 bxc6 31. dxc6 Bxc6 32. b5 Bxb5 33. Qb3+ Kh7 34.
Qxb5 Ra3 35. Bxg7 Rxg3+ 36. Kh2 Kxg7 37. Nh3 Rxg4 38. Qb8 Bg3+ 39. Kh1 Bf4 40.
Rf3 Rg3 41. Rxg3 Bxg3 42. Qc8 Qf7 43. Kg2 Bh4 44. Kg1 Qc4 45. Qd7+ Kh6 46. Qg4
Qc1+ 47. Kg2 Qd2+ 48. Kg1 Qe1+ 49. Kg2 c5 50. Qf3 Kg7 51. Ng1 c4 52. Ne2 Qd2
53. Kf1 Qd3 54. Qg4 Bf6 55. Kg2 c3 56. Ng3 Kf7 57. Qd7+ Be7 58. Qh3 Qd2+ 59.
Kf3 c2 60. Qh7+ Kf6 61. Qh8+ Kg5 0-1

[Event "35 Andorra Open"]
[Site "Escaldes"]
[Date "2017.07.27"]
[Round "6.16"]
[White "Gomez Anadon, Daniel"]
[Black "Aloma Vidal, Robert"]
[Result "0-1"]
[WhiteElo "2165"]
[BlackElo "2457"]
[PlyCount "64"]
[EventDate "2017.07.22"]
[EventType "swiss"]
[EventRounds "9"]
[EventCountry "AND"]

1. Nf3 c5 2. g3 Nc6 3. Bg2 g6 4. c4 Bg7 5. Nc3 e6 6. O-O Nge7 7. b3 d5 8. cxd5
exd5 9. Bb2 d4 10. Na4 b6 11. e4 O-O 12. d3 f5 13. exf5 Bxf5 14. Re1 Qd7 15. b4
Nxb4 16. Nxd4 cxd4 17. Qb3+ Nbd5 18. Rxe7 Qxe7 19. Bxd5+ Kh8 20. Ba3 Qe2 21.
Bxa8 Rxa8 22. Nb2 b5 23. Qxb5 Bh3 24. Rc1 h5 25. Qc6 Re8 26. Bb4 Rb8 27. a3
Qxb2 28. Re1 Kh7 29. Qc7 Rc8 30. Qxa7 Rc1 31. Qe7 Qb1 32. Qe4 Bf5 0-1

[Event "35 Andorra Open"]
[Site "Escaldes"]
[Date "2017.07.27"]
[Round "6.17"]
[White "Fernandez Soriano, Ruben"]
[Black "Kaspi, Alexander"]
[Result "0-1"]
[WhiteElo "2199"]
[BlackElo "2435"]
[PlyCount "82"]
[EventDate "2017.07.22"]
[EventType "swiss"]
[EventRounds "9"]
[EventCountry "AND"]

1. d4 Nf6 2. Bg5 d5 3. Bxf6 exf6 4. e3 c6 5. g3 f5 6. Nd2 Nd7 7. Bg2 Nf6 8. Ne2
Be7 9. c4 dxc4 10. Qc2 Nd5 11. Nxc4 Be6 12. a3 a5 13. b3 g6 14. O-O h5 15. Ne5
h4 16. Nc3 hxg3 17. hxg3 Nf6 18. b4 Rc8 19. Qb2 axb4 20. axb4 Nd5 21. Na4 Bxb4
22. Rfc1 Qe7 23. Nc5 Bxc5 24. dxc5 O-O 25. Ra7 Rc7 26. Nf3 Nf6 27. Qe5 Ng4 28.
Qf4 Bd5 29. Nd4 Rd8 30. Rca1 Kg7 31. Ra8 Rcd7 32. Rxd8 Rxd8 33. Rc1 Bxg2 34.
Kxg2 Ra8 35. Rc2 Qe4+ 36. Qxe4 fxe4 37. Rb2 Ra7 38. Nc2 Ne5 39. Rb4 f5 40. Nd4
Kf6 41. Rb2 Nd3 0-1

[Event "35 Andorra Open"]
[Site "Escaldes"]
[Date "2017.07.27"]
[Round "6.18"]
[White "Farran Martos, Francesc X"]
[Black "Cimer, Emanuel"]
[Result "1-0"]
[WhiteElo "2412"]
[BlackElo "2213"]
[PlyCount "91"]
[EventDate "2017.07.22"]
[EventType "swiss"]
[EventRounds "9"]
[EventCountry "AND"]

1. e4 c5 2. Nf3 d6 3. d4 cxd4 4. Nxd4 Nf6 5. Nc3 g6 6. Be3 Bg7 7. f3 O-O 8. Qd2
Nc6 9. O-O-O d5 10. exd5 Nxd5 11. Nxc6 bxc6 12. Bd4 Nxc3 13. Qxc3 Bh6+ 14. Be3
Bxe3+ 15. Qxe3 Qb6 16. Qxe7 Be6 17. Qa3 Rfd8 18. Bd3 Rd5 19. b3 Rad8 20. Rde1
Ra5 21. Qb2 c5 22. h4 c4 23. bxc4 Qa6 24. Qf6 Rd7 25. h5 Rxa2 26. Qc3 Ra1+ 27.
Kd2 Rxe1 28. Kxe1 Qb6 29. hxg6 fxg6 30. Ke2 Re7 31. c5 Qc7 32. Kf2 Bd5 33. Qd4
Bf7 34. Qd6 Rd7 35. Qxc7 Rxc7 36. Ra1 Rxc5 37. Rxa7 Kg7 38. Ke3 Kf6 39. c4 g5
40. Kd4 Rc8 41. Ra6+ Kg7 42. c5 h5 43. Be4 h4 44. Rd6 Re8 45. c6 Be6 46. c7 1-0

[Event "35 Andorra Open"]
[Site "Escaldes"]
[Date "2017.07.27"]
[Round "6.19"]
[White "Baron, Tal"]
[Black "Paquico Rodriguez, Ivan"]
[Result "1-0"]
[WhiteElo "2547"]
[BlackElo "2156"]
[PlyCount "63"]
[EventDate "2017.07.22"]
[EventType "swiss"]
[EventRounds "9"]
[EventCountry "AND"]

1. e4 g6 2. d4 Bg7 3. Nc3 d6 4. f4 a6 5. Nf3 b5 6. Bd3 Nd7 7. a4 b4 8. Ne2 c5
9. c3 Bb7 10. O-O cxd4 11. cxd4 a5 12. Ng3 Rc8 13. Qe2 Nh6 14. f5 O-O 15. Bg5
Ng4 16. Rad1 h6 17. Bd2 Qb6 18. Kh1 e5 19. Nh4 exd4 20. Qxg4 Ne5 21. Qe2 Nxd3
22. Qxd3 Ba6 23. Qf3 Bxf1 24. Rxf1 d5 25. e5 Bxe5 26. fxg6 Qc7 27. Bxh6 Bg7 28.
Bxg7 Kxg7 29. Ngf5+ Kg8 30. Nh6+ Kg7 31. Qf6+ Kxh6 32. Nf5+ 1-0

[Event "35 Andorra Open"]
[Site "Escaldes"]
[Date "2017.07.27"]
[Round "6.20"]
[White "Llorente Zaro, Alfonso"]
[Black "Rohith, Krishna S"]
[Result "0-1"]
[WhiteElo "2464"]
[BlackElo "2137"]
[PlyCount "124"]
[EventDate "2017.07.22"]
[EventType "swiss"]
[EventRounds "9"]
[EventCountry "AND"]

1. b3 Nf6 2. Bb2 e6 3. Nf3 d5 4. c4 Be7 5. g3 O-O 6. Bg2 b6 7. O-O Bb7 8. d4
Nbd7 9. cxd5 exd5 10. Nc3 Rc8 11. Rc1 Re8 12. Ne5 Bd6 13. Nd3 a6 14. Nf4 Bxf4
15. gxf4 Ne4 16. e3 Qh4 17. Qf3 Re6 18. Nxe4 dxe4 19. Qg3 Qh5 20. f5 Qxf5 21.
Bh3 Qd5 22. Bxe6 fxe6 23. Rxc7 Rf8 24. Kh1 h6 25. Rg1 g5 26. Ba3 Rf7 27. Qd6
Qf5 28. Rg2 Qf3 29. Qg3 Bd5 30. Qxf3 exf3 31. Rg1 Kh7 32. Rgc1 Kg6 33. Kg1 g4
34. Ra7 Nf6 35. Rxf7 Kxf7 36. Rc7+ Kg6 37. Be7 Ne4 38. Bd8 b5 39. Ra7 Nc3 40.
Rxa6 Kf5 41. Kf1 Ke4 42. Ke1 Kd3 43. Ra7 Kc2 44. Be7 h5 45. Bb4 Nxa2 46. Rxa2+
Kxb3 47. Ra7 Kxb4 48. Kd2 Kb3 49. Rh7 b4 50. Rxh5 Ka2 51. Rh7 b3 52. Ra7+ Kb1
53. Ra6 b2 54. Ra7 Ba2 55. e4 Ka1 56. Rb7 b1=Q 57. Rxb1+ Bxb1 58. Ke3 Kb2 59.
Kf4 Kc3 60. Ke5 Kd2 61. d5 Bxe4 62. dxe6 Bc6 0-1

[Event "35 Andorra Open"]
[Site "Escaldes"]
[Date "2017.07.27"]
[Round "6.21"]
[White "Palacios Herrero, Pablo"]
[Black "Loiseau, Quentin"]
[Result "1/2-1/2"]
[WhiteElo "2122"]
[BlackElo "2424"]
[PlyCount "138"]
[EventDate "2017.07.22"]
[EventType "swiss"]
[EventRounds "9"]
[EventCountry "AND"]

1. e4 c5 2. Nf3 d6 3. d4 cxd4 4. Nxd4 Nf6 5. Nc3 Nc6 6. Bc4 Qb6 7. Nb3 e6 8.
O-O a6 9. Kh1 Qc7 10. Be2 b5 11. a3 Bb7 12. f4 Be7 13. Be3 h5 14. Bf3 Ng4 15.
Bg1 g5 16. Nd4 gxf4 17. Nxc6 Bxc6 18. a4 b4 19. Ne2 e5 20. c3 a5 21. cxb4 axb4
22. Qc2 Qb7 23. Rfc1 Bd7 24. a5 Bd8 25. Qd2 Rh6 26. a6 Rxa6 27. Rxa6 Qxa6 28.
Qxb4 Nf6 29. Rd1 Ng8 30. Nc3 Ne7 31. Be2 Qa5 32. Qc4 f5 33. b4 Qc7 34. b5 Qxc4
35. Bxc4 fxe4 36. Nxe4 d5 37. Bxd5 Bxb5 38. Bb3 Bc7 39. Bf2 Bc6 40. Ng5 Rd6 41.
Rxd6 Bxd6 42. Bf7+ Kf8 43. Bxh5 e4 44. Ne6+ Kg8 45. Bc5 Bxc5 46. Nxc5 Bd5 47.
Kg1 Kg7 48. g3 Kh6 49. Nxe4 Bxe4 50. Bd1 Kg5 51. gxf4+ Kxf4 52. Kf2 Nf5 53. Be2
Ne3 54. Bh5 Nd5 55. Bd1 Nc3 56. Be2 Bd5 57. Bd3 Bf3 58. Bc2 Bg4 59. h4 Bf3 60.
Bg6 Nd1+ 61. Ke1 Ne3 62. Kd2 Nc4+ 63. Kc3 Ne5 64. h5 Ke3 65. Be8 Be2 66. Bg6
Bb5 67. Kb4 Bd7 68. Kc5 Bg4 69. Be8 Bxh5 1/2-1/2

[Event "35 Andorra Open"]
[Site "Escaldes"]
[Date "2017.07.27"]
[Round "6.22"]
[White "Quintin Navarro, Alberto"]
[Black "Cortes Jurado, Rafael"]
[Result "1-0"]
[WhiteElo "2380"]
[BlackElo "2097"]
[PlyCount "55"]
[EventDate "2017.07.22"]
[EventType "swiss"]
[EventRounds "9"]
[EventCountry "AND"]

1. e4 e5 2. Nc3 Nf6 3. g3 d5 4. exd5 Nxd5 5. Bg2 Be6 6. Nf3 Nc6 7. O-O Qd7 8.
Re1 f6 9. d4 Nxc3 10. bxc3 O-O-O 11. Be3 e4 12. Nd2 f5 13. Qe2 Be7 14. Rab1
Rdf8 15. Qb5 Nd8 16. Qa5 Nc6 17. Qa4 g5 18. c4 f4 19. Bxe4 fxe3 20. Rxe3 Bf6
21. d5 Ne5 22. Qxa7 Kd8 23. Rxb7 Bg4 24. c5 Nc6 25. dxc6 Qxd2 26. Rd3+ Qxd3 27.
cxd3 Bd4 28. Qb8+ 1-0

[Event "35 Andorra Open"]
[Site "Escaldes"]
[Date "2017.07.27"]
[Round "6.23"]
[White "Fell, Sebastian"]
[Black "Michalowski, Peter"]
[Result "1-0"]
[WhiteElo "2343"]
[BlackElo "2064"]
[PlyCount "95"]
[EventDate "2017.07.22"]
[EventType "swiss"]
[EventRounds "9"]
[EventCountry "AND"]

1. e4 c5 2. Nf3 d6 3. d4 cxd4 4. Nxd4 Nf6 5. Nc3 a6 6. Bg5 e6 7. f4 Nbd7 8. Qf3
Qc7 9. O-O-O b5 10. Bd3 Bb7 11. Rhe1 Qb6 12. Bxf6 Nxf6 13. f5 e5 14. Nd5 Qd8
15. Nxf6+ gxf6 16. Ne2 Rc8 17. Kb1 Rg8 18. Ng3 Rg5 19. Bf1 Qc7 20. Qb3 h5 21.
Qd3 h4 22. Nh1 Rg4 23. g3 hxg3 24. Nxg3 Rh4 25. h3 Ke7 26. Nh1 Qc5 27. Nf2 Bh6
28. Ng4 Bg5 29. Bg2 Rhh8 30. Re2 Rhd8 31. c3 Qc4 32. Qf3 d5 33. exd5 Bxd5 34.
Nxe5 fxe5 35. Rxe5+ Kf8 36. Rexd5 Rxd5 37. Qxd5 Qxd5 38. Rxd5 Ke7 39. a3 Kf6
40. Kc2 Re8 41. Bf3 Re5 42. Rxe5 Kxe5 43. b4 Bd8 44. Bb7 a5 45. Bc6 Kxf5 46.
Bxb5 axb4 47. cxb4 Ke5 48. Kc3 1-0

[Event "35 Andorra Open"]
[Site "Escaldes"]
[Date "2017.07.27"]
[Round "6.24"]
[White "Akash Pc, Iyer"]
[Black "Bergsson, Stefan"]
[Result "1-0"]
[WhiteElo "2300"]
[BlackElo "2060"]
[PlyCount "89"]
[EventDate "2017.07.22"]
[EventType "swiss"]
[EventRounds "9"]
[EventCountry "AND"]

1. Nf3 Nf6 2. g3 d5 3. Bg2 Bg4 4. d3 Nbd7 5. Nbd2 e5 6. e4 c6 7. Qe2 Bd6 8. h3
Bh5 9. g4 Bg6 10. Nh4 dxe4 11. dxe4 Nc5 12. Nf5 Ne6 13. Nc4 Bc7 14. Be3 Bxf5
15. exf5 Nd4 16. Qd3 O-O 17. O-O-O c5 18. c3 b5 19. Nxe5 Bxe5 20. cxd4 cxd4 21.
Bxa8 Qxa8 22. f4 Nd5 23. fxe5 Nxe3 24. Qxd4 Nxd1 25. Rxd1 Qg2 26. Qd3 h5 27.
gxh5 Qg5+ 28. Kb1 Qxh5 29. Rg1 Re8 30. Qe4 Kh8 31. a3 a5 32. Rg4 Kg8 33. Ka2 a4
34. Qc6 Rf8 35. Qg2 Kh8 36. Qf2 Kg8 37. Qg3 Qh6 38. f6 g6 39. e6 Rc8 40. e7 Qh5
41. Qd3 Kh7 42. Qd4 g5 43. Qe4+ Kh6 44. e8=Q Qxh3 45. Qxc8 1-0

[Event "35 Andorra Open"]
[Site "Escaldes"]
[Date "2017.07.27"]
[Round "6.25"]
[White "Shevelev, Dmitri"]
[Black "Elguezabal Selioutin, Dario"]
[Result "1-0"]
[WhiteElo "2283"]
[BlackElo "1871"]
[PlyCount "77"]
[EventDate "2017.07.22"]
[EventType "swiss"]
[EventRounds "9"]
[EventCountry "AND"]

1. d4 d5 2. Nf3 Nf6 3. e3 c5 4. b3 Nc6 5. Bb2 e6 6. Bd3 Bd6 7. Ne5 O-O 8. a3
Ne7 9. Nd2 b6 10. Qf3 Bb7 11. Qh3 Ng6 12. Ndf3 Ne4 13. Nxg6 hxg6 14. dxc5 Nxc5
15. Qg4 Nxd3+ 16. cxd3 Ba6 17. h4 Bc8 18. Be5 Bxe5 19. Nxe5 Qc7 20. Qd4 Qc5 21.
Kd2 Qxd4 22. exd4 Ba6 23. f4 Rfc8 24. Rac1 Rxc1 25. Rxc1 Rc8 26. Rxc8+ Bxc8 27.
Nc6 Bd7 28. Nxa7 Kh7 29. b4 b5 30. a4 bxa4 31. b5 a3 32. Kc3 a2 33. Kb2 a1=Q+
34. Kxa1 Bxb5 35. Nxb5 Kh6 36. g4 f5 37. g5+ Kh5 38. Nc7 Kxh4 39. Nxe6 1-0

[Event "35 Andorra Open"]
[Site "Escaldes"]
[Date "2017.07.28"]
[Round "7.1"]
[White "Pena Gomez, Manuel"]
[Black "Edouard, Romain"]
[Result "1-0"]
[WhiteElo "2468"]
[BlackElo "2622"]
[PlyCount "73"]
[EventDate "2017.07.22"]
[EventType "swiss"]
[EventRounds "9"]
[EventCountry "AND"]
[WhiteClock "0:05:40"]
[BlackClock "0:14:11"]

1. c4 e5 2. Nc3 Nf6 3. Nf3 Nc6 4. g3 g6 5. Bg2 Bg7 6. O-O O-O 7. d4 exd4 8.
Nxd4 Re8 9. Nxc6 dxc6 10. Qb3 Qe7 11. Bf4 Ng4 12. Rad1 Ne5 13. Ne4 h6 14. Be3
a5 15. f4 Nd7 16. Bd4 Bxd4+ 17. Rxd4 f5 18. Nf2 Qxe2 19. c5+ Qe6 20. Re1 Qxb3
21. Rxe8+ Kf7 22. Rxc8 Rxc8 23. axb3 Nxc5 24. Bf1 Ke7 25. b4 axb4 26. Rxb4 Rd8
27. Rc4 Nb3 28. Rc3 Nd4 29. Kg2 g5 30. Nd3 b6 31. Kf2 Kd6 32. Ne5 Rf8 33. Rd3
c5 34. Nf3 gxf4 35. gxf4 Kd5 36. Bg2 Ke4 37. Ne5+ {Kd5} 1-0